000 00392nam a2200181Ia 4500
001 14385
005 20260306164910.0
008 260306t1989||||xx |||||||||||||| ||spa||
041 _aESP
082 _a512.5
_bN69
100 _aNoble, Ben
_eAUT
245 0 _aÁlgebra lineal aplicada
260 _c1989
300 _a
_c
650 _aGEN
654 _aCMA
942 _cLIB
_dJUS
_fJUS
_2ddc
_n
999 _c14385
_d14385